Kama Sutra : εγχειρίδιον της Ινδικής ερωτολογίας
Saved in:
| Main Author: | |
|---|---|
| Other Authors: | |
| Format: | Book |
| Language: | Greek |
| Published: |
Αθήνα :
Περικλής Πετρακόπουλος,
1975.
|
| Edition: | 2η εκδ., βελτ. |
| Subjects: | |
| Tags: |
Add Tag
No Tags, Be the first to tag this record!
|
MARC
| LEADER | 00000cam a2200000 a 4500 | ||
|---|---|---|---|
| 001 | 1/115494 | ||
| 008 | 171120s1975####gr | ||| |||| ||gre|| | ||
| 040 | |a GR-MyUa |b gre |c GR-MyUa |e AACR2 | ||
| 041 | 1 | |a gre | |
| 082 | 7 | |a 306.7 |2 (23) | |
| 100 | 1 | |a Vātsyāyana. | |
| 245 | 1 | 0 | |a Kama Sutra : |b εγχειρίδιον της Ινδικής ερωτολογίας / |c Βατσιαγιάνα ; μεταφρασμένο στα ελληνικά από τον εκδότη. |
| 246 | 1 | |i Τίτλος εξωφύλλου : |n Kama Sutra (Αφορισμοί για τον έρωτα) | |
| 250 | |a 2η εκδ., βελτ. | ||
| 260 | |a Αθήνα : |b Περικλής Πετρακόπουλος, |c 1975. | ||
| 300 | |a 258 σ. ; |c 21 εκ. | ||
| 500 | |a Μοναδική ολοκληρωμένη έκδοση χωρίς περικόπες. | ||
| 650 | 0 | |a Erotic art |z India. | |
| 650 | 0 | |a Sexual intercourse. | |
| 650 | 0 | |a Love. | |
| 650 | 0 | |a Sexual relations. | |
| 700 | 1 | |a Πετρακόπουλος, Περικλής, |e trl | |
| 852 | |a INST |b SAMOS |e 20171120 |h 306.7 VAT |p 005300045042 |q 005300045042 |t BK |y 0 | ||
| 970 | |a Φιλιππή |b Φάλη |z 20-11-2017 | ||